00508nam a2200193 a 4500001001300000003000900013005001700022008004100039020001000080082002100090100001900111245004000130260004000170300000900210500003500219505001200254650002900266700001900295nice12345678IN_TiNIC20260116012937.0050524s1992 newa grp 000 0 eng  ac15000a305.6945097bMEH aMehta, Shalina aEternal Web, Hindu Muslim Relations aNew DelhibCosmo Publicationsc1992 a178p aincludes index and biblioraphy2 aIndexes aIslam-Relations Hinduism1 aMehta, Shalina